| 000 | 00707nam a22002297a 4500 | ||
|---|---|---|---|
| 999 |
_c5893 _d5893 |
||
| 003 | AR-CdUCM | ||
| 008 | 190313b ||||| |||| 00| 0 spa d | ||
| 040 |
_aMUNICIPALIDAD PROVINCIAL DEL CUSCO _cBIBLIOTECA MUNICIPAL DEL CUSCO |
||
| 082 |
_a899.4 / _bC811 |
||
| 100 |
_aCorman, Blackburn _917370 |
||
| 245 | _aPoetas norteamericanos / | ||
| 260 |
_aCusco : _bEditorial Sunda, _c1966. |
||
| 300 |
_a49 páginas ; _c16 cm. |
||
| 500 | _aDonación familia Nieto | ||
| 505 | _aContenido: Poesía Norteamericana. | ||
| 650 |
_aPoesía Norteamericana _91918 |
||
| 650 |
_aPoesía provenzal _917371 |
||
| 650 |
_aCortazar _917372 |
||
| 700 |
_aEnslin, Eshleman _917373 |
||
| 942 |
_2ddc _cLIBROS |
||
| 945 | _adavv | ||